000 01259nam a2200337 i 4500
001 768714001
003 CO-MdFUSB
005 20211025124131.0
007 ta
008 211004t1991 ag |||| |||| 00| 0 spa d
020 _a9506830223
040 _aCO-MdFUSB
_bspa
_cCO-MdFUSB
_dCO-MdFUSBC
_erda
041 _aspa
082 _223
_a241.63
_bSW977
100 _aSwihart, Judson J.,
_eautor
245 4 _aLos hijos, víctimas del divorcio
_c/Judson J. Swihart , S. Brigham
264 1 _aBuenos Aires, Argentina :
_bCerteza Abua,
_c[1991]
264 4 _c© 1991
300 _a131 páginas
_c; 17 cm
336 _2rdacontent
_atexto
_btxt
337 _2rdamedia
_asin mediación
_bn
338 _2rdacarrier
_avolumen
_bnc
505 _aSobreviviendo al divorcio. -- Como decirle a los hijos. -- La crisis desde la perspectiva de los hijos. -- Reacciones comunes en los niños. -- El padre ausente y algunas circunstancias especiales. -- La adolescencia. -- Ayudando a los maestros a ayudar a los niños. -- Un relato para hijos y padres.
563 _aRústico
650 0 _9786
_aDivorcio
653 _aNiños con problemas emocionales.
653 _aPadres e hijos.
700 _95703
_aBrigham, Steven L.
_eautor
942 _cBK
945 _aJTF-925
999 _c66910
_d66910